000 01388pam a2200301 a 4500
001 2580723
005 19970213115939.7
008 960806s1997 pauab b 001 0 eng c
010 _a96035521
020 _a0397552688 (alk. paper)
040 _aDNLM/DLC
_cDLC
_dDLC
050 0 0 _aRT98
_b.H86 1997
060 1 0 _aWY 106 H946i 1997
082 0 0 _a610.7343
_220
_bHUN
100 1 _aHunt, Roberta.
_94084
245 1 0 _aIntroduction to community based nursing /
_cRoberta Hunt, Eileen Loy Zurek.
246 3 0 _aCommunity based nursing
260 _aPhiladelphia :
_bLippincott,
_cc1997.
300 _axiv, 384 p. :
_bill., map ;
_c24 cm.
504 _aIncludes bibliographical references and index.
650 0 _aCommunity health nursing.
_94085
650 1 2 _aCommunity Health Nursing.
_94086
700 1 _aZurek, Eileen Loy.
_94087
942 _2ddc
_cBB
999 _c10887
_d10887